Kategória zodpovednosti a zodpovedné podnikanie v právnom prostredí Slovenskej republiky v kontexte výkonu funkcie štatutárneho orgánu spoločnosti s ručením obmedzeným

Bibliographic Details
Main Author: Lukáčka, Peter, 1986- (Author)
Format: Book
Language:Slovak
PhysicalDescription:116 strán 21 cm
Published: Bratislava Wolters Kluwer 2019
ISBN:9788057100805
9788071605003
9788057100812
Edition:Prvé vydanie
Subjects:

MARC

LEADER 00000cam a2200000 4500
001 vtls011885519
003 SK-MaSNL
005 20260301224730.0
008 200205s2019 xo frlgn 000 0 slo
015 |a SNBA2019/11 
020 |a 9788057100805  |q (Wolters Kluwer ;  |q brožované) 
020 |a 9788071605003  |q (Právnická fakulta UK ;  |q brožované) 
020 |a 9788057100812  |q (Wolters Kluwer ;  |q pdf) 
035 |a urn:nbn:sk:snk-am00d70o 
035 |a urn:nbn:sk:snk-am3hrtf 
035 |a 0E94B910-FB88-4852-B21C-57F344095836 
040 |a SNK  |b slo  |c SNK  |e rda 
041 0 |a slo 
044 |a xo  |c SK 
072 7 |a 347.7  |x Obchodné právo. Finančné právo. Právo priemyselného vlastníctva. Patentové právo. Autorské právo  |2 konspekt 
080 |a 347.447  |2 2011 
080 |a 351.824  |2 2011 
080 |a 658.114  |2 2011 
080 |a 347.724  |2 2011 
080 |a 347.72  |2 2011 
080 |a 347.72.036  |2 2011 
080 |a (048.8)  |2 2011 
100 1 |a Lukáčka, Peter,  |d 1986-  |4 aut  |9 205395 
245 1 0 |a Kategória zodpovednosti a zodpovedné podnikanie v právnom prostredí Slovenskej republiky  |b v kontexte výkonu funkcie štatutárneho orgánu spoločnosti s ručením obmedzeným  |c Peter Lukáčka 
250 |a Prvé vydanie 
264 1 |a Bratislava  |b Wolters Kluwer  |c 2019 
300 |a 116 strán  |c 21 cm 
336 |a text  |b txt  |2 rdacontent 
337 |a bez média  |b n  |2 rdamedia 
338 |a zväzok  |b nc  |2 rdacarrier 
500 |a Vydalo vydavateľstvo Wolters Kluwer SR s.r.o. v spolupráci s Univerzita Komenského v Bratislave, Právnická fakulta 
500 |a Obsahuje poznámky pod čiarou 
504 |a Obsahuje bibliografiu na strane 107-116 ; bibliografické odkazy 
650 0 7 |a právna zodpovednosť  |2 SNKPH  |9 4534 
650 0 7 |a podnikanie  |2 SNKPH  |9 1757 
650 0 7 |a podnikateľské prostredie  |2 SNKPH  |9 1771 
650 0 7 |a spoločnosti s ručením obmedzeným  |2 SNKPH  |9 3649 
650 0 7 |a riadenie a správa spoločností  |2 SNKPH  |9 110716 
650 0 7 |a štatutárne orgány spoločností  |2 SNKPH  |9 4626 
650 0 7 |a Legal responsibility  |2 SNKPHeng  |9 303004 
650 0 7 |a Business  |2 SNKPHeng  |9 268171 
650 0 7 |a Business environment  |2 SNKPHeng  |9 270182 
650 0 7 |a Limited partnership  |2 SNKPHeng  |9 340410 
650 0 7 |a Corporate governance  |2 SNKPHeng  |9 22960 
650 0 7 |a Statutory authorities  |2 SNKPHeng  |9 346718 
655 7 |a monografie  |2 SNKPH  |9 70139 
655 7 |a Monographs  |2 SNKPHeng  |9 120675 
710 2 |a Univerzita Komenského v Bratislave.  |b Právnická fakulta  |4 pbl 
919 |a 978-80-571-0080-5 
919 |a 978-80-571-0081-2 
919 |a 978-80-7160-500-3 
958 |a NB 
999 |c 948366  |d 950296 
952 |a SNK  |b SNK  |y PREZ  |7 0  |p 17A1391984  |o snkSC 186381  |i snk2019/27901  |8 0  |0 0  |1 0  |4 0  |d 2019-10-30  |f 1  |l 0  |r 2026-02-24 09:40:17  |w 2026-02-24 
952 |a SNK  |b SNK  |y VYP  |7 0  |p 17A1391985  |o snkSC 186381 D1  |i snk2019/27902  |8 0  |0 0  |1 0  |4 0  |d 2019-10-30  |l 0  |r 2026-02-24 09:40:17  |w 2026-02-24